=LDR 00000nam 2200000 4500 =001 INLIS000000000038851 =005 20130612144518 =008 ***********************************ind** =035 ##$$0010-061300000038851 =041 ##$$a ind =082 ##$$a 639.342 =090 ##$$a 639.342, Ika i.1 =245 ##$$a IKAN hias laut indonesia/Achmad poernomo...[Et.al] =260 ##$$a 2009 $b Jakarta =300 ##$$a X,182 Hlm, Ilus, 23 Cm =650 ##$$a AKUARIUM LAUT =850 ##$$a NBPNMAT =990 ##$$a 0001/BPAP-NTB/2015